[Event "Saint Louis Invitational-B 2018"]
[Site "Saint Louis"]
[Date "2018.11.17"]
[Round "2"]
[White "Arjun, Vishnuvardhan"]
[Black "Marek, Matyas"]
[Result "1/2-1/2"]
[WhiteElo "2247"]
[BlackElo "2361"]
[Annotator "ChessBase"]
[PlyCount "32"]
[EventDate "2018.11.16"]
[EventType "tourn"]
[EventCountry "USA"]
[SourceTitle "playchess.com"]
[Source "ChessBase"]
[SourceQuality "1"]
[TimeControl "5400+30"]

1. Nf3 {[%emt 0:00:00]} Nf6 {[%emt 0:00:00]} 2. g3 {[%emt 0:00:09]} g6 {[%emt 0:00:49]} 3. Bg2 {[%emt 0:00:23]} Bg7 {[%emt 0:00:07]} 4. O-O {[%emt 0:00:37]} O-O {[%emt 0:00:00]} 5. d4 {[%emt 0:03:23]} d6 {[%emt 0:00:15]} 6. c4 {[%emt 0:03:39]} Nbd7 {[%emt 0:00:55]} 7. Nc3 {[%emt 0:12:21]} e5 {[%emt 0:04:22]} 8. e4 {[%emt 0:11:42]} c6 9. b3 {[%emt 0:00:07]} exd4 {[%emt 0:06:35]} 10. Nxd4 {[%emt 0:07:42]} Re8 {[%emt 0:07:11]} 11. Bf4 {[%emt 0:14:13]} Nc5 {[%emt 0:05:19]} 12. Re1 {[%emt 0:06:56]} Ng4 13. Qd2 {[%emt 0:00:31]} Ne5 {[%emt 0:08:04]} 14. Be3 {[%emt 0:00:52]} Ng4 {[%emt 0:08:58]} 15. Bf4 {[%emt 0:01:16]} Ne5 16. Be3 Ng4 1/2-1/2

[Event "Saint Louis Invitational-B 2018"]
[Site "Saint Louis"]
[Date "2018.11.17"]
[Round "3"]
[White "Hong, Andrew"]
[Black "Tsay, Vincent"]
[Result "1-0"]
[WhiteElo "2368"]
[BlackElo "2342"]
[Annotator "TA"]
[PlyCount "89"]
[EventDate "2018.11.16"]
[EventType "tourn"]
[EventCountry "USA"]
[SourceTitle "playchess.com"]
[Source "ChessBase"]
[SourceQuality "1"]

{[%evp 18,89,0,0,4,0,21,14,20,8,22,23,59,17,62,60,44,54,53,66,66,14,17,14,27,25,25,24,23,25,35,35,56,54,133,103,103,106,108,92,79,83,186,182,182,182,182,182,182,175,175,175,201,171,174,170,202,202,726,719,693,693,988,685,1282,676,666,660,29993,5322,29995,29996,29996,29997]} 1. e4 c5 2. Nf3 e6 3. d3 d5 4. Qe2 Ne7 5. g3 Nbc6 6. Bg2 g6 7. O-O Bg7 8. c3 O-O 9. Na3 b6 10. e5 a5 {A08: King's Indian Attack} (10... Ba6 11. Nc2 b5 12. d4 Qb6 13. b4 cxd4 14. cxd4 Bb7 15. Bf4 a5 16. a3 axb4 17. axb4 Ra4 18. Qd2 {0-1 (52) Bologan,V (2640)-Vitiugov,N (2726) Doha 2016}) 11. h4 $146 ({Predecessor:} 11. Nc2 a4 12. Re1 Ba6 13. h4 b5 14. a3 Na5 15. Bf4 Nb3 16. Rad1 Qd7 17. Nd2 Bb7 18. d4 {0-1 (28) Monus,Z (2092)-Vegh,E (2267) Hungary 2012}) 11... h6 12. Bf4 Ba6 {The position is equal.} 13. Nc2 a4 14. Rfe1 b5 15. Ne3 c4 16. d4 b4 17. a3 bxc3 18. bxc3 Rb8 19. Nc2 (19. h5 $14) 19... Rb2 $11 20. Qd1 Rb3 21. Qd2 Kh7 22. Nb4 Bb5 23. Bf1 Qb6 24. Be2 Nxb4 25. axb4 a3 (25... h5 $14) 26. Qc1 Qa6 27. Ra2 Ra8 28. Nd2 Rb2 29. Ra1 {aiming for Bd1.} Nc8 (29... Nc6 $16) 30. Bd1 $18 Nb6 31. Nb1 Rb3 32. Bxb3 cxb3 33. Rxa3 Ba4 34. Nd2 Nc4 35. Nxb3 {[#] Threatens to win with Nc5.} Nxa3 36. Qxa3 Qc6 37. Ra1 Bxb3 $2 (37... Qe8 38. Nc5 Bc6) 38. Qxa8 Qxc3 39. Qa7 Bc2 40. Be3 {[#] And now b5 would win.} Be4 41. Rc1 Qxb4 42. Qxf7 Qb6 43. Rc7 (43. Rc8 $142 g5 44. h5 Qb1+ 45. Bc1 Qxc1+ 46. Rxc1 Bc2 47. Rxc2 Kh8 48. Rc8+ Kh7 49. Qg8#) 43... Qb1+ 44. Bc1 Qxc1+ 45. Rxc1 {Accuracy: White = 65%, Black = 40%.} 1-0

[Event "Saint Louis Invitational-B 2018"]
[Site "Saint Louis"]
[Date "2018.11.17"]
[Round "3"]
[White "Marek, Matyas"]
[Black "Wang, Justin"]
[Result "1/2-1/2"]
[WhiteElo "2361"]
[BlackElo "2409"]
[Annotator "TA"]
[PlyCount "71"]
[EventDate "2018.11.16"]
[EventType "tourn"]
[EventCountry "USA"]
[SourceTitle "playchess.com"]
[Source "ChessBase"]
[SourceQuality "1"]

{[%evp 23,71,14,24,40,35,36,24,22,23,27,19,14,25,27,24,12,22,16,18,0,0,0,0,0,0,0,0,0,0,0,0,0,0,0,0,0,0,0,0,0,0,0,0,0,0,0,0,0,0,0]} 1. e4 e5 2. Nf3 Nc6 3. Bc4 Nf6 4. Ng5 d5 5. exd5 Na5 6. Bb5+ c6 7. dxc6 bxc6 8. Bd3 Nd5 {C58: Two Knights: 4 Ng5 d5 5 exd5 Na5 sidelines} 9. Nf3 Bd6 10. O-O O-O 11. Re1 f5 12. Nxe5 Qf6 $1 {LiveBook: 8 Games} 13. Nf3 g5 {With the idea ...g4.} 14. g3 f4 15. Nc3 $1 {[%cal Rc3e4] [#] aiming for Ne4.} fxg3 16. hxg3 {And now Ne4 would win.} Nxc3 17. dxc3 {[#] Black must now prevent Bxh7+!} Bg4 $146 18. Bxg5 Qxf3 19. Qxf3 Bxf3 {The position is equal.} 20. Re6 Nb7 21. Rae1 Bd5 22. Rh6 Rf7 23. c4 Bf3 24. Ree6 Bf8 25. Rhf6 {[#] Threatens to win with Rxf7.} Nc5 26. Rxf7 Nxe6 27. Rxf3 {Strongly threatening Bc1.} Nxg5 28. Rf5 Ne6 29. Be4 Rc8 30. Rf6 Nd4 {...Kg7 is the strong threat.} 31. Kg2 Kg7 32. Rf4 h6 33. Rg4+ Kf6 34. Rf4+ Kg7 35. Rg4+ Kf6 36. Rf4+ {Accuracy: White = 86%, Black = 100%.} 1/2-1/2

[Event "Saint Louis Invitational-B 2018"]
[Site "Saint Louis"]
[Date "2018.11.17"]
[Round "3"]
[White "Dordzhieva, Dinara"]
[Black "Ynojosa Aponte, Felix Jose"]
[Result "1/2-1/2"]
[WhiteElo "2340"]
[BlackElo "2355"]
[Annotator "TA"]
[PlyCount "117"]
[EventDate "2018.11.16"]
[EventType "tourn"]
[EventCountry "USA"]
[SourceTitle "playchess.com"]
[Source "ChessBase"]
[SourceQuality "1"]

{[%evp 12,117,32,25,38,14,10,8,12,8,11,11,6,8,6,18,62,24,80,34,136,5,14,25,17,25,32,31,58,61,62,0,0,0,4,0,20,14,29,5,17,23,18,0,0,0,43,31,52,64,50,29,94,87,146,106,139,139,126,130,128,131,135,128,126,117,93,12,66,66,66,66,66,66,66,66,66,66,66,66,66,66,66,66,66,66,66,66,66,66,66,66,66,66,66,59,59,59,59,59,59,59,59,0,0,0,0,0]} 1. d4 Nf6 2. c4 e6 3. Nf3 d5 4. e3 c6 5. b3 Nbd7 6. Bd3 Bd6 7. Bb2 Qe7 {A06: Réti Opening:1 Nf3 d5} (7... O-O 8. Nbd2 b6 9. O-O Bb7 10. Qe2 c5 11. Rad1 Ne4 12. cxd5 exd5 13. Ba6 Bxa6 14. Qxa6 Re8 15. dxc5 Ndxc5 16. Qe2 Rc8 17. Rc1 Bf8 18. Rfd1 Qe7 {½-½ (45) Radjabov,T (2710)-Ding,L (2773) Moscow 2017}) 8. Nbd2 (8. Ne5 {with more complications.} Bb4+ 9. Nd2 Ne4 10. Bxe4 dxe4 11. Nxd7 Bxd7 12. a3) 8... e5 9. dxe5 Nxe5 10. Nxe5 Bxe5 11. Bxe5 Qxe5 12. O-O Bg4 13. Qc2 O-O-O 14. h3 $146 ({Predecessor:} 14. a4 d4 15. e4 {0-1 (34) Rafili,S (1628)-Kokaia,G (1899) Batumi 2014}) 14... Bh5 (14... dxc4 $11 15. Nxc4 Qd5) 15. b4 d4 {[#]} (15... dxc4 $14 16. Nxc4 Qc7) 16. exd4 (16. e4 $1 $16) 16... Qxd4 $11 17. Bf5+ Kb8 18. Nb3 Qf4 19. Rfe1 g6 20. Bd3 g5 21. Bf1 ({Better is} 21. Qc3 $14) 21... Bg6 22. Qb2 {g3 is the strong threat.} Ne4 $1 23. g3 Qc7 24. Bg2 $36 {[%mdl 2048] White has good play.} Rhe8 25. Rad1 (25. Bxe4 $5 Bxe4 26. Qf6 $14) 25... f5 26. Rxd8+ Qxd8 27. Qd4 Qxd4 28. Nxd4 Nd6 29. Rxe8+ Nxe8 $14 {[%mdl 4096] Endgame KBN-KBN} 30. f4 gxf4 31. gxf4 a5 (31... Kc7 $11) 32. bxa5 $16 Ka7 (32... Bf7 $142) 33. Bf1 c5 {[#]} 34. Nb3 $1 b6 35. axb6+ Kxb6 36. a4 Bf7 37. a5+ Ka6 38. Nxc5+ Kxa5 39. Nd7 (39. Kf2 $16) 39... Be6 (39... Kb4 $11) 40. Nf8 $14 Bg8 41. Bd3 Kb4 42. Bxf5 Nf6 43. Kf2 Kxc4 44. Ke3 (44. Nd7 {is more complex.} Nd5 45. Kf3 Kd4 46. Bg4 Bf7 47. Nf8) 44... Kd5 45. Nd7 Nxd7 46. Bxd7 {KB-KB} Kd6 47. Bg4 Ke7 48. Bf5 Kf6 49. Bc2 h6 50. Kf3 Be6 51. Kg3 Bc8 52. Kh4 Bd7 53. Bd1 Be6 54. Bg4 {Hoping for Bxe6.} Bf7 55. Bd7 Bg6 56. Bc8 Bf7 57. f5 (57. Bb7 $14) 57... Be8 $11 58. Kg4 Ba4 59. Kf4 {Accuracy: White = 65%, Black = 53%.} 1/2-1/2

[Event "Saint Louis Invitational-B 2018"]
[Site "Saint Louis"]
[Date "2018.11.17"]
[Round "3"]
[White "Williams, Justus"]
[Black "Stearman, Josiah"]
[Result "1/2-1/2"]
[WhiteElo "2335"]
[BlackElo "2309"]
[Annotator "TA"]
[PlyCount "91"]
[EventDate "2018.11.16"]
[EventType "tourn"]
[EventCountry "USA"]
[SourceTitle "playchess.com"]
[Source "ChessBase"]
[SourceQuality "1"]

{[%evp 25,91,31,22,15,35,30,15,13,20,26,47,39,56,12,20,2,22,27,114,0,52,62,55,61,75,65,58,61,55,59,52,56,62,58,70,75,68,81,176,0,0,0,0,0,0,0,0,0,0,0,0,0,0,0,0,0,0,0,0,0,0,0,0,0,0,0,0,0]} 1. d4 d5 2. c4 c6 3. Nf3 Nf6 4. cxd5 cxd5 5. Nc3 Nc6 6. Bf4 Bf5 7. e3 e6 8. Qb3 Bb4 9. Ne5 {D14: Slav Defence: Exchange variation with ...Bf5} Qb6 (9... Bxc3+ 10. bxc3 Nxe5 11. Bxe5 O-O 12. Be2 Rc8 13. f3 Qa5 14. Rc1 Rc6 15. g4 Bg6 16. h4 h6 {0-1 (29) Svane,R (2595)-Vidit,S (2711) Douglas 2018}) 10. Nxc6 bxc6 11. Be2 Ne4 12. f3 Nxc3 13. bxc3 Be7 {LiveBook: 27 Games} 14. Kf2 h5 $146 ({Predecessor:} 14... O-O 15. c4 dxc4 16. Bxc4 Qd8 {1-0 (38) Cernousek,L (2457)-Pijpers,A (2371) Leiden 2014}) 15. h4 O-O 16. c4 Qd8 17. c5 Bxh4+ 18. g3 Bg5 19. Rxh5 Bxf4 20. gxf4 {Threatens to win with Rah1.} g6 21. Rh2 Rb8 {[#]} (21... Kg7 $11) 22. Qa3 (22. Qc3 $1 $16) 22... Qc7 (22... Kg7 $1 $11) 23. Rah1 $14 Kg7 24. Qc3 $1 {Strongly threatening e4!} Rh8 25. Rxh8 Rxh8 26. Rxh8 Kxh8 27. e4 $1 {[%cal Re4f5]} dxe4 28. d5+ $1 Kg8 29. d6 {[%mdl 1024] White has compensation.} Qd8 30. Kg3 $1 g5 31. Qe3 Qa5 (31... gxf4+ $16 32. Qxf4 e3) 32. Qc1 $2 ({Worse is} 32. fxg5 Qe1+ 33. Kg2 exf3+ 34. Kxf3 Qh1+ 35. Kf2 Qh2+ 36. Ke1 Qh4+ 37. Kf1 Qh1+ 38. Kf2 Qh2+ 39. Kf1 e5 $11) (32. fxe4 $18 e5 33. fxe5 Qe1+ 34. Kg2) 32... gxf4+ $11 {The position is equal.} 33. Kxf4 Qb4 ({Avoid the trap} 33... Qxa2 $2 34. Qd1 $18) 34. Kg3 {And now d7 would win.} Qd4 35. fxe4 Bxe4 36. Qg5+ Kh7 {[#] Hoping for ...Qg1+.} 37. Qh4+ Kg7 {( -> ...Qe3+)} 38. Qg5+ Bg6 39. Bf3 f6 40. Qg4 Qg1+ 41. Bg2 $1 (41. Kh3 $2 Qxc5 42. Qg3 Kf7 $17) 41... Qe3+ 42. Kh2 Qe5+ 43. Kh1 Kf7 44. Qb4 Qa1+ 45. Kh2 Qe5+ 46. Kh1 {Accuracy: White = 75%, Black = 45%.} 1/2-1/2

[Event "Saint Louis Invitational-B 2018"]
[Site "Saint Louis"]
[Date "2018.11.17"]
[Round "3"]
[White "Yip, Carissa"]
[Black "Arjun, Vishnuvardhan"]
[Result "0-1"]
[WhiteElo "2318"]
[BlackElo "2247"]
[Annotator "TA"]
[PlyCount "106"]
[EventDate "2018.11.16"]
[EventType "tourn"]
[EventCountry "USA"]
[SourceTitle "playchess.com"]
[Source "ChessBase"]
[SourceQuality "1"]

{[%evp 18,106,-25,-30,-21,-27,-18,-43,-39,-38,-46,-155,-153,-209,-104,-102,-84,-106,-101,-100,-100,-110,-101,-115,-105,-102,-83,-104,-90,-101,-104,-104,-99,-168,-61,-64,-62,-62,-63,-330,-341,-290,-243,-252,-251,-245,-244,-258,-258,-264,-256,-275,-189,-180,-188,-185,-176,-333,-304,-480,-404,-525,-480,-480,-480,-679,-707,-728,-720,-4845,-2586,-2563,-2272,-29975,-29973,-29976,-29977,-29977,-29978,-29978,-29979,-29979,-29980,-29980,-29981,-29987,-29987,-29987,-29978,-29978,-29979]} 1. e4 c6 2. d4 d5 3. Nc3 dxe4 4. Nxe4 Bf5 5. Ng3 Bg6 6. N1e2 Nf6 7. Nf4 Nbd7 {B18: Classical Caro-Kann: 4...Bf5 sidelines} 8. h4 (8. Bc4 Qc7 9. O-O e6 10. c3 Bd6 11. Qf3 c5 12. dxc5 Bxc5 13. Bb3 O-O-O 14. Nxg6 hxg6 15. Bf4 e5 16. Be3 e4 17. Qe2 Bxe3 18. Qxe3 Rxh2 19. Rfd1 Rdh8 20. Qxa7 e3 21. Qxe3 Ng4 {0-1 (21) Zherebukh,Y (2605)-Nakamura,H (2793) Saint Louis 2017}) 8... e5 9. Nxg6 hxg6 10. dxe5 {LiveBook: 3 Games} Qa5+ 11. Bd2 Qxe5+ {[%mdl 64] Double Attack} 12. Qe2 O-O-O 13. O-O-O Bc5 14. Qf3 $146 {[#]} (14. Qxe5 $15 Nxe5 15. f3) ({Predecessor:} 14. f4 Qxe2 15. Bxe2 {1-0 (49) Blazeka,M (1777)-Cvitan,E (1645) Vukovar 2013}) 14... Qe6 $1 $17 {[%cal Re6a2]} 15. Kb1 (15. Qb3 $17) 15... Qg4 (15... Ne5 $19 {is more deadly.} 16. Qe2 Qd5) 16. Bg5 Ne5 17. Qxg4+ Nexg4 18. Rxd8+ Rxd8 19. Bc4 Bxf2 20. Ne2 Ne5 21. Bb3 Rh8 22. Nc3 Rh5 23. Bxf6 gxf6 24. Ne4 Bxh4 25. g3 (25. Nd6+ $17 {keeps fighting.} Kc7 26. Nxf7) 25... Bg5 ({Black should try} 25... f5 $19 26. Nd6+ Kc7 27. Ne8+ Kd7) 26. Nd6+ $15 Kc7 {[%cal Rh5h1]} 27. Rxh5 gxh5 28. Nxf7 $2 {[%mdl 12288] Endgame [#] KBN-KBN} ({White should play} 28. Nf5 $15) 28... Nf3 $1 $19 29. Be6 Nd2+ 30. Kc1 Ne4+ 31. Kd1 Nxg3 32. Bh3 h4 33. Ke1 Nh5 34. Kf2 Bc1 35. b3 Nf4 36. Bf5 Nd5 37. Kf3 $2 (37. c4 Nc3 38. a4) 37... Nc3 38. a4 (38. Kg4 $142) 38... a5 39. Nh8 Kd6 40. Ng6 Bg5 41. Bd3 (41. Nf8 $142 b5 42. Ne6) 41... b5 42. axb5 cxb5 43. Nf4 a4 44. bxa4 bxa4 {[%cal Bb5a4,Ba4a3][%mdl 32]} 45. Ne2 Nxe2 {Black mates.} 46. Kxe2 {KB-KB} a3 47. Bc4 Kc5 48. Ba2 h3 {[%cal Bh4h3,Bh3h2][%mdl 32]} 49. Kf3 h2 50. Kg2 Bf4 51. c3 Be5 52. Be6 Bxc3 53. Kxh2 Be5+ {Accuracy: White = 37%, Black = 64%.} 0-1

[Event "Saint Louis Invitational-B 2018"]
[Site "Saint Louis"]
[Date "2018.11.18"]
[Round "4"]
[White "Wang, Justin"]
[Black "Yip, Carissa"]
[Result "1-0"]
[WhiteElo "2409"]
[BlackElo "2318"]
[Annotator "TA"]
[PlyCount "101"]
[EventDate "2018.11.16"]
[EventType "tourn"]
[EventCountry "USA"]
[SourceTitle "playchess.com"]
[Source "ChessBase"]
[SourceQuality "1"]

{[%evp 29,101,19,32,17,29,25,18,16,18,22,43,32,23,26,18,19,98,93,137,127,177,68,159,179,338,324,302,277,241,238,418,392,352,290,291,121,306,310,288,294,297,303,316,309,301,293,304,293,317,311,292,264,264,261,237,226,233,203,288,254,644,640,725,729,747,664,729,730,739,685,729,706,794,543]} 1. e4 e5 2. Nf3 Nc6 3. Bb5 a6 4. Ba4 Nf6 5. O-O Be7 6. Re1 b5 7. Bb3 d6 8. c3 O-O 9. h3 Nb8 10. d4 Nbd7 11. Nbd2 Bb7 12. Bc2 Re8 13. b3 Bf8 14. Bb2 g6 15. a4 Bg7 16. Bd3 {C95: Closed Ruy Lopez: Breyer Variation with 10 d4} c6 17. Qc2 Rc8 18. axb5 {The position is equal.} cxb5 19. d5 Nh5 20. Bf1 {[#]} Rf8 $146 ({Predecessor:} 20... Qb6 21. b4 Ng3 22. Bd3 Rf8 23. Nf1 Nxf1 24. Rxf1 {½-½ (31) Akopian,V (2691)-Tomashevsky,E (2701) Plovdiv 2010}) 21. Ba3 {[%cal Bb2a3,Ba3b4,Bb4a5][%mdl 32]} Qb6 22. Bb4 h6 (22... f5 $11) 23. Ba5 $36 {[%mdl 2048] White is really pushing.} Qc5 24. c4 f5 25. Qd1 ({Better is} 25. Nh4 $18) 25... bxc4 (25... Ng3 $1 $14) 26. bxc4 $16 Qa7 $2 {[#]} (26... Ng3 {was worth a try.} 27. Bd3 Qa7) 27. exf5 gxf5 28. Nxe5 Nxe5 29. Qxh5 f4 $2 (29... Rce8 30. Nf3 Nxf3+ 31. gxf3 Bc8 32. Rxe8 Bxa1 33. Rxf8+ Kxf8 34. Qxh6+ Qg7+ 35. Qxg7+ Bxg7) 30. Rab1 $18 Ba8 31. Bb6 Qd7 32. Nf3 (32. Bd4 $18) 32... Qf5 $2 (32... Nxc4 $16 {is a better defense.} 33. Re6 Ne5) 33. Qxf5 Nxf3+ 34. gxf3 {[#] White threatens Qe6+ and mate.} Rxf5 35. Bd3 Re5 36. Ba5 Rxe1+ 37. Rxe1 Be5 38. Rb1 Bd4 39. Bf5 Re8 40. Be6+ Kg7 41. Bb6 Be5 42. Bc7 {Black must now prevent c5!} Re7 43. Bd8 Ra7 (43... Rb7 $142 44. Re1 Rb4) 44. Rb8 Kh7 $2 (44... a5 45. Bb6 Rb7 46. Rg8+ (46. Rxa8 Rxb6 47. Rxa5 Rb1+ 48. Kg2 Bd4 $14) 46... Kh7 47. Bxa5 (47. Rxa8 Rxb6 48. Rxa5 Rb1+ 49. Kg2 Rb2 $16) 47... Ra7) 45. Ba5 {White is clearly winning.} h5 46. Kf1 Ba1 47. Rd8 Be5 48. Ke2 Kh6 49. Rb8 Kh7 50. Kd3 Kh6 51. Bc8 {Accuracy: White = 63%, Black = 21%.} 1-0

[Event "Saint Louis Invitational-B 2018"]
[Site "Saint Louis"]
[Date "2018.11.18"]
[Round "4"]
[White "Ynojosa Aponte, Felix Jose"]
[Black "Marek, Matyas"]
[Result "1/2-1/2"]
[WhiteElo "2355"]
[BlackElo "2361"]
[Annotator "TA"]
[PlyCount "128"]
[EventDate "2018.11.16"]
[EventType "tourn"]
[EventCountry "USA"]
[SourceTitle "playchess.com"]
[Source "ChessBase"]
[SourceQuality "1"]

{[%evp 9,128,-4,-4,-32,-31,-27,-37,-50,-43,-62,-54,-54,-62,-57,-55,-57,-55,-55,-55,-55,-55,-188,-189,-237,-193,-186,-190,-183,-165,-165,-165,-162,-165,-165,-165,-165,-150,-164,-150,-150,-157,-157,-135,-135,-127,-127,-133,-134,-137,-130,-127,-127,-113,-116,-126,-118,-97,-120,-127,-109,-77,-146,-103,-97,-97,-85,-82,-108,-97,-83,-106,-236,-191,-181,-132,-256,-224,-202,-171,-181,-170,-163,-163,-156,-156,-156,-79,-158,-151,-160,-102,-95,-96,-156,-141,-143,-135,-1041,-1035,-1745,-1779,-1761,-1707,-1729,-1502,-1269,0,0,0,0,0,0,0,0,0,0,0,0,0,0,0]} 1. c4 c5 2. Nf3 Nc6 3. e4 e5 4. d3 d6 5. h3 g6 6. g4 {B30: Sicilian: 2...Nc6 3 Bb5, lines without ...g6} Bg7 7. Nc3 Nge7 8. Nd5 {Black is slightly better.} h6 $146 ({Predecessor:} 8... O-O 9. Bg5 f6 10. Bh4 Nxd5 11. cxd5 Ne7 12. Nd2 Bh6 13. Nc4 Bf4 {0-1 (25) Quintero Torres,P (2095)-Martinez Martin,D (2415) Parla 2008}) 9. g5 Nxd5 10. cxd5 Nd4 11. Nxd4 cxd4 12. h4 hxg5 13. Bxg5 Bf6 14. Bxf6 Qxf6 15. Qa4+ (15. h5 $1 $15) 15... Bd7 $19 16. Qb4 Ke7 17. Rc1 Qf3 18. Rg1 Qf4 ({Don't play} 18... Rxh4 19. Rg3 $15) 19. Qd2 ({Don't blunder} 19. Rc7 $2 Rac8 $19) 19... Qxd2+ ({Resist} 19... Rxh4 20. Qxf4 exf4 21. Rc7 $15) 20. Kxd2 Rxh4 21. Rc7 Rb8 22. Be2 Kd8 23. Rcc1 Rc8 24. Rh1 Rxc1 25. Rxh4 $17 {[%mdl 4096] Endgame KRB-KRB} Rb1 26. Rh8+ Be8 27. Kc2 Ra1 28. a3 Ke7 29. Kd2 Rb1 30. Kc2 Rg1 31. Kd2 a5 32. Bd1 a4 33. Be2 b5 34. Bd1 Bd7 35. Be2 (35. Rh7 $142) 35... f5 36. Rh7+ Kd8 37. Rh8+ Kc7 38. Rh7 f4 39. Rg7 Kd8 40. Bd1 (40. Rg8+ $17 Be8 41. Rh8) 40... Rf1 41. f3 Rg1 42. Be2 (42. Rg8+ $17 {might work better.} Be8 43. Rg7) 42... Bh3 $19 43. Rb7 Bd7 44. Rb8+ Ke7 $1 45. Rh8 Be8 $1 46. Rh7+ Bf7 47. Rh8 g5 ({Black should try} 47... Rb1 48. Kc2 Rg1) 48. Rh6 {[#]} (48. Rh2 $142) 48... g4 $1 $17 {[%mdl 512]} 49. fxg4 Rg3 (49... Rg2 $142 50. Rh3 Kf6) 50. Ke1 Rg2 $1 51. Rh3 {[#]} (51. Rh8 $142) 51... Rg1+ $1 52. Kd2 {[#]} Rg3 $1 {[%cal Rg3h3]} 53. Rxg3 $4 {[%mdl 8192]} (53. Rh2 $17) 53... fxg3 {KB-KB} 54. Bf1 Kf6 55. Ke2 Kg5 56. Kf3 Kh4 57. g5 Bh5+ $2 (57... Bg6 $19 58. Kg2 Bh5) 58. Kg2 $11 {The position is equal.} Kg4 (58... Kxg5 {seems wilder.} 59. Kxg3 Bd1 60. Kf2 Bg4 61. Bg2 Kh4) 59. Be2+ Kxg5 60. Bxh5 Kxh5 61. Kxg3 Kg5 62. Kf3 Kh4 {And now ...Kh3 would win.} 63. Kf2 $1 Kh3 {Threatens to win with ...Kh2.} 64. Kf3 Kh4 {Accuracy: White = 43%, Black = 81%.} 1/2-1/2

[Event "Saint Louis Invitational-B 2018"]
[Site "Saint Louis"]
[Date "2018.11.18"]
[Round "4"]
[White "Tsay, Vincent"]
[Black "Dordzhieva, Dinara"]
[Result "0-1"]
[WhiteElo "2342"]
[BlackElo "2340"]
[Annotator "TA"]
[PlyCount "166"]
[EventDate "2018.11.16"]
[EventType "tourn"]
[EventCountry "USA"]
[SourceTitle "playchess.com"]
[Source "ChessBase"]
[SourceQuality "1"]

{[%evp 19,166,45,64,41,26,6,26,35,79,77,94,103,117,78,86,72,83,82,85,-141,-140,-145,-145,-148,-145,-138,-133,-133,-141,-173,-170,-175,-175,-167,-167,-168,-158,-192,-183,-195,-193,-195,-187,-223,-226,-215,-195,-241,-241,-232,-224,-227,-226,-220,-204,-178,-172,-226,-221,-211,-177,-204,-202,-221,-226,-278,-277,-276,-277,-242,-224,-222,-216,-308,-311,-351,-343,-334,-326,-375,-356,-364,-360,-435,-322,-381,-360,-314,-335,-387,-376,-485,-485,-451,-450,-420,-409,-651,-649,-29977,-602,-29974,-29975,-29975,-29976,-29976,-29971,-29971,-29969,-29969,-29970,-29970,-29971,-29971,-29971,-29971,-29972,-29972,-29973,-29971,-29973,-29975,-29976,-29978,-29979,-29985,-29977,-29986,-29974,-29986,-29987,-29987,-29988,-29988,-29989,-29989,-29988,-29988,-29986,-29986,-29987,-29987,-29988,-29988,-29989,-29989,-29990,-29990,-612]} 1. d4 d6 2. Nf3 f5 3. g3 Nf6 4. Bg2 g6 5. c4 Bg7 6. O-O O-O 7. Nc3 c6 8. b3 Qa5 9. Bb2 {[%cal Bc1b2,Bb2a3,Ba3d6][%mdl 32]} e5 10. Qd2 Qc7 11. dxe5 {A88: Dutch Defence: Leningrad System: 5 Nf3 0-0 6 0-0 d6 7 Nc3 c6} (11. d5 e4 12. Nd4 Qe7 13. dxc6 bxc6 14. Rad1 Rd8 15. Nc2 d5 16. f3 Rd7 17. cxd5 cxd5 18. Nb5 Nc6 {0-1 (37) Gelfand,B (2773)-Giri,A (2734) Beijing 2013}) 11... dxe5 12. e4 f4 13. Rad1 {Threatens to win with Ba3.White has an edge.} Bg4 14. Ba3 Re8 15. Bd6 Qc8 16. Nxe5 $146 ({Predecessor:} 16. gxf4 Bh6 17. Nxe5 Bxd1 18. Rxd1 Nbd7 {1-0 (36) Matviishen,V (2404)-Potapov,P (2495) Pardubice 2017}) 16... Bxd1 17. Rxd1 ({And not} 17. Nxd1 fxg3 18. fxg3 Qd8 $17) 17... fxg3 18. hxg3 ({Reject} 18. fxg3 Nbd7 $15) 18... Ng4 19. Bh3 $2 (19. Nf3 $16 {stays on course.}) 19... Nxe5 $17 {[%cal Bg4e5,Be5f3,Bf3d2][%mdl 96] Discovered Attack} 20. Bxc8 Nf3+ {[%mdl 64] Double Attack} 21. Kg2 Nxd2 22. Bxb7 Bxc3 23. Bxa8 Nxe4 24. Bf4 Nf6 25. Rd3 Bb4 26. Bxb8 Rxb8 27. Bxc6 Bc5 28. Bf3 Re8 29. g4 g5 30. Rd1 Kg7 31. Kg3 Kf8 32. Rd2 Ke7 33. Bc6 Rd8 34. Re2+ Kd6 35. Ba4 Kc7 36. f3 Bb4 37. Re6 Bd6+ 38. Kg2 {[#]} (38. Kf2 $142 Ng8 39. Ke3) 38... Nd7 $1 $19 39. Rh6 Rh8 40. Bb5 Ne5 41. Rf6 Rf8 42. Rh6 Rf7 ({Don't do} 42... Nxf3 43. c5 $19) 43. Be8 Re7 44. Bb5 Nd3 45. c5 Nxc5 46. Rf6 (46. Bc4 $142) 46... Ne6 47. Rf5 h6 48. Bc4 Nf4+ 49. Kf1 Re3 50. Kf2 Rc3 51. a4 Nd3+ 52. Ke2 Ne5 53. Bd5 Rc2+ 54. Kd1 Rf2 55. Rf6 Nd3 56. Be4 Bf4 {[%csl Gf4][%cal Rf2d2]} 57. Rf7+ Kb6 {[%csl Gf4][%cal Rf2d2]} 58. Rf6+ (58. Bxd3 $142 Rd2+ {[%mdl 64] Double Attack} 59. Ke1 Rxd3 {[%mdl 64] Double Attack} 60. b4) 58... Kc5 {[%csl Gf4][%cal Rf2d2]} 59. Rc6+ Kb4 (59... Kd4 $142 60. Bxd3 Kxd3 61. Re6 Rxf3 62. b4 Rg3 63. Ke1 Be3 64. Rf6 Rg1+ 65. Rf1 Rxg4 66. Rf5 h5 67. Rd5+ Bd4 68. Rf5 Rf4 69. Rxf4 gxf4 70. b5 f3 71. b6 axb6 72. a5 h4 73. Kf1 h3 74. a6 h2 75. Ke1 h1=Q#) 60. Rc2 Nb2+ {Black mates.} 61. Ke1 Rxc2 62. Bxc2 Kc3 63. Be4 Kxb3 64. a5 Kb4 65. a6 Kb5 66. Bb7 Nd3+ 67. Ke2 Nc5 68. Bc8 Nxa6 69. Kd3 Nc5+ 70. Kd4 a5 {[%cal Ba7a5,Ba5a4,Ba4a3][%mdl 32]} 71. Kc3 a4 72. Kb2 Nd3+ 73. Ka2 Nb4+ 74. Ka1 a3 75. Be6 Kc5 76. Bg8 Kd4 77. Bf7 Ke3 78. Kb1 {[#]} a2+ $1 79. Bxa2 Nxa2 80. Kxa2 Kxf3 81. Kb2 Kxg4 82. Kc2 Kf3 83. Kd1 Kf2 {Accuracy: White = 32%, Black = 82%.} (83... g4 $142 84. Kc2 g3 85. Kc3 g2 86. Kb3 g1=Q 87. Kc4 Bd6 88. Kd5 Qc5+ 89. Ke6 Ke4 90. Kf6 Qg5+ 91. Kf7 Kf5 92. Ke8 Qe7#) 0-1